| 000 | 00552nam a22001697a 4500 | ||
|---|---|---|---|
| 003 | NUST | ||
| 082 | _a610 | ||
| 100 |
_aMaryam, Ammara _935750 |
||
| 245 |
_aMicrofluidic Paper-Based Analytical Device for Milk Adulteration Analysis / _cAmmara Maryam |
||
| 264 |
_aIslamabad:. , _b SMME- NUST _c2016. |
||
| 300 |
_bSoft Copy _c30cm. |
||
| 500 | _aHardcover | ||
| 650 | _aMS Biomedical Sciences (BMS) | ||
| 700 |
_aSupervisor : Dr. Muhammad Nabeel Anwar _9119573 |
||
| 856 | _uhttp://10.250.8.41:8080/xmlui/handle/123456789/42127 | ||
| 942 |
_2ddc _cTHE |
||
| 999 |
_c610043 _d610043 |
||